| 000 | nam a22 a 4500 | ||
|---|---|---|---|
| 999 |
_c2105 _d2105 |
||
| 005 | 20170515113602.0 | ||
| 008 | 170515b1986 ilu||||| |||| 00| 0 eng d | ||
| 020 | _a0875813100 | ||
| 040 | _aAKMAL | ||
| 082 |
_219 _a362 JOH |
||
| 090 |
_a362 _bJOH |
||
| 100 |
_aJohnson, H. Wayne. _94353 |
||
| 245 |
_aThe social services _ban introduction / _cH. Wayne Johnson and contributors. |
||
| 250 | _a2nd ed. | ||
| 260 |
_aItasca, Ill. : _bF.E. Peacock Publishers _cc1986. |
||
| 300 |
_axvi, 492 p. _c24cm |
||
| 504 | _aIncludes bibliographies and index. | ||
| 650 |
_aSocial service _zUnited States. _94354 |
||
| 942 |
_2ddc _cBOOK |
||